Antanajtis, V. V. - Zagreev, V. V.: Prírastok lesa

Bibliographic Details
Main Authors: Petráš, Rudolf (Author), Antanajtis, V. V. (Author), Zagreev, V. V. (Author)
Format: Article
Language:Slovak
Subjects:

MARC

LEADER 00000nab a2200000 a 4500
001 vtls000166973
003 SK-MaSNL
005 20260304071511.0
008 250422c1983 xo 0 slo
015 |a SNBRB19rr/mm-uuuuu 
035 |a CL0177084 
035 |a urn:nbn:sk:snk-ab4ek 
035 |a (urnnbn)urn:nbn:sk:snk:ar-005b5u 
035 |a (uuid)0de2fc1e-18a9-4d66-a98f-0aa1289bcfd1 
040 |a SNKBUCL  |b slo  |c SNKBUCL  |e AACR2 
041 0 |a slo 
044 |a xo  |c SK 
080 |a 630 5  |2 1981 
100 1 |a Petráš, Rudolf  |4 aut  |9 5298 
245 1 0 |a Antanajtis, V. V. - Zagreev, V. V.: Prírastok lesa  |c Rudolf Petráš 
650 0 7 |a lesy  |x výskumy  |x ZSSR  |x recenzie  |2 snkbucl  |9 1358686 
655 7 |a články z novín a časopisov  |2 snkbucl  |9 267496 
700 1 |a Antanajtis, V. V.  |4 aut  |9 1358687 
700 1 |a Zagreev, V. V.  |4 aut  |9 7766 
773 0 |t Lesnícky časopis  |g Roč. 29, č. 5 (1983), s. 262-263 
787 0 8 |i Rec.:  |a Antanajtis, V. V.  |t Prírastok lessa  |d Moskva : Lesnaja promyšlennosť, 1981 
850 |a Slovenská národná knižnica 
852 |a Slovenská národná knižnica 
954 |a odborná, vedecká literatúra pôvodná (slovenská)  |2 lita 
958 |a article2022 
958 |a OND 
958 |a RK 
958 |a SU 
958 |a EUIPO 
992 |a RBX 
999 |c 2760713  |d 2762643